00489nam a2200145 a 4500008004100000020001500041050001600056100002600072245008100098260003100179300002000210350000900230500005100239650005300290120416s1979 ||||||||||||||||| || u a0408003138 aTH 3401 Bui aMarkus, Thomas Andrew10aBuilding conversion and rehabilitation: designing for change in building use aLondonbButterworthsc1979 axii, 178p.: ill a0.00 aIncludes bibliographical references and index. aBUILDINGS--REPAIR AND RECONSTRUCTION--CONGRESSES